[Event "IV Niterói Chess Open 2024"]
[Site "Rio de Janeiro"]
[Date "2024.08.29"]
[Round "3"]
[Board "4"]
[White "Azevedo Junior, Jose Ferreira"]
[Black "Santiago, Yago De Moura"]
[Result "1/2-1/2"]
[WhiteElo "2057"]
[BlackElo "2455"]
[Annotator "Chessbase"]
[PlyCount "54"]
[EventDate "2024.08.28"]
[EventRounds "7"]
[EventCountry "BRA"]

1. c4 e6 2. Nc3 f5 3. d4 Nf6 4. Nf3 Bb4 5. Bd2 O-O 6. e3 Bxc3 ({RR} 6... d6 7. a3 Bxc3 8. Bxc3 Ne4 9. Qc2 b6 10. O-O-O Bb7 11. h4 Nd7 12. d5 e5 13. h5 Ndc5 14. Nh4 Nxc3 15. Qxc3 a5 16. Bd3 Nxd3+ 17. Qxd3 Qf6 18. Qc3 a4 19. Kb1 Ra5 20. Rc1 Bc8 21. Nf3 {0-1 Ratkovic,M (2427)-Sedlak,N (2600) SRB-ch 12th Novi Sad 2018 (6)}) 7. Bxc3 Ne4 8. Rc1 ({RR} 8. Qc2 b6 9. Be2 d6 10. O-O Nxc3 11. Qxc3 Qf6 12. Rac1 Nd7 13. b4 a5 14. a3 axb4 15. axb4 c5 16. bxc5 bxc5 17. Rb1 Ra7 18. Ra1 Rxa1 19. Rxa1 f4 20. exf4 Qxf4 21. Qe3 Qf6 22. Rd1 Bb7 {½-½ Okrajek,A (2156)-Burkhardt,H (2067) 3rd Kurt-Pape-Open 2024 (4.4)}) 8... d6 9. g3 $146 ({RR} 9. Be2 b6 10. O-O Bb7 11. Qb3 Rf6 12. c5 Rg6 13. cxd6 cxd6 14. Ne1 Nd7 15. f3 Bd5 16. Bc4 Bxc4 17. Qxc4 Rc8 18. Qb3 Nxc3 19. Rxc3 Rxc3 20. Qxc3 Nf6 21. Qb3 Nd5 22. g3 f4 23. exf4 Nxf4 {½-½ Hartl,D (2275)-Radnetter,G (2278) AUT-chT2M 1213 2012 (5.3)}) ({RR} 9. Bd3 Nd7 10. O-O Qe8 11. Qc2 Qg6 12. Nd2 Nxc3 13. Qxc3 e5 14. dxe5 dxe5 15. f3 Nc5 16. Bb1 Qf6 17. b4 Nd7 18. c5 b5 19. cxb6 Nxb6 20. e4 Qd6 21. Rfd1 Ba6 22. Nb3 Qe7 23. Nc5 Bc4 {0-1 Fitzke,U (1992)-Frey,A (1981) Feffernitz Raika op 22nd 2013 (8)}) ({RR} 9. Be2 Nd7 10. O-O Nxc3 11. Rxc3 Nf6 12. b4 Qe7 13. Qb3 a5 14. b5 b6 15. Nd2 Bb7 16. c5 bxc5 17. dxc5 dxc5 18. Rfc1 Rfd8 19. Qb2 Nd7 20. Nb3 Qg5 21. Bf1 Qf6 22. Qe2 c6 23. Qf3 Ne5 {½-½ Zhukova,N (2482)-Manakova,M (2288) SRB-chT (Women) 2015 (7.4)}) 9... a5 10. Bg2 Qe7 11. O-O Kh8 12. Be1 e5 13. Nd2 Nf6 14. c5 e4 15. cxd6 cxd6 16. Nc4 Be6 17. Nxa5 b6 18. Nc4 Rxa2 19. Qb3 Ra6 20. Qb4 Nd5 21. Qxd6 Qe8 22. Ne5 Bg8 23. Nc6 Nd7 24. Ne5 Nb8 25. Nc6 Nd7 26. Ne5 Nb8 27. Nc6 Nd7 1/2-1/2

[Event "IV Niterói Chess Open 2024"]
[Site "Rio de Janeiro"]
[Date "2024.09.01"]
[Round "7"]
[Board "42"]
[White "Santana, Leandro Aurelio Da S"]
[Black "Correa, Leonardo D`avila"]
[Result "0-1"]
[WhiteElo "1845"]
[BlackElo "1677"]
[Annotator "Chessbase"]
[PlyCount "58"]
[EventDate "2024.08.28"]
[EventRounds "7"]
[EventCountry "BRA"]

1. e4 b6 2. d4 Bb7 3. Nc3 e6 4. Nf3 Bb4 5. Bd3 Nf6 6. Qe2 d5 7. e5 Ne4 8. Bd2 Bxc3 9. bxc3 Nxd2 ({RR} 9... c5 10. dxc5 Nxc5 11. h4 Nbd7 12. Rh3 Qc7 13. Kf1 Ne4 14. Re1 Nxe5 15. Nxe5 Qxe5 16. Bb5+ Kf8 17. Bc1 Rc8 18. Bd3 f6 19. c4 Kf7 20. Kg1 Qd6 21. cxd5 exd5 22. Re3 Rhe8 23. Ba3 Qd7 24. c4 {1-0 Bachmann,A (2646)-Donchenko,A (2563) FRA-chT Top 12 2017 (7.2)}) ({RR} 9... c5 10. Bxe4 dxe4 11. Ng5 cxd4 12. Nxe4 O-O 13. Nd6 dxc3 14. Bxc3 Ba6 15. Qe3 Nd7 16. h4 Nc5 17. O-O-O Qc7 18. Rh3 Na4 19. Bd4 Rac8 20. Rd2 Rfd8 21. Rg3 g6 22. h5 Rxd6 23. hxg6 Rxd4 24. gxh7+ {1-0 Arnold,K-Weihrauch,J (2272) Titled Tue 4th Jun Late 2024 (9)}) 10. Qxd2 Nd7 11. c4 $146 ({RR} 11. O-O O-O 12. Rad1 c5 13. Rfe1 Rc8 14. Qf4 h6 15. c4 cxd4 16. Qxd4 dxc4 17. Bxc4 Bxf3 18. gxf3 Qg5+ 19. Kh1 Nc5 20. Qg4 Qxg4 21. fxg4 Rfd8 22. Kg2 Kf8 23. f4 Ke7 24. Kf3 Na4 25. Bb3 Nc3 {0-1 Tokplo,V (1167)-Nguyen,T (1691) FRA-ch U12 Girls 2017 (1.2)}) ({RR} 11. Qg5 Qxg5 12. Nxg5 h6 13. Nf3 Nb8 14. O-O Ba6 15. Rac1 Kd7 16. Nd2 c5 17. f4 g6 18. g4 Bxd3 19. cxd3 cxd4 20. cxd4 Nc6 21. Nb3 Nb4 22. a3 Nxd3 23. Rc3 Nb2 24. f5 gxf5 25. gxf5 Rag8+ {0-1 Laureckis,A (1555)-Vysniauskas,V Plunge op 34th 2014 (5)}) ({RR} 11. O-O h6 12. Rfe1 Qe7 13. a4 a5 14. Qe2 O-O 15. h3 c5 16. Bb5 Rfc8 17. Reb1 Bc6 18. Ba6 Rc7 19. Rb2 c4 20. Bb5 Bxb5 21. Rxb5 Rb8 22. Nd2 f6 23. exf6 Qxf6 24. Nb1 Rc6 25. Na3 Rf8 {½-½ Akcapinar,Y (1745)-Meya,C (1837) Ruhrgebiet Bezirksliga 16/17 2016 (11.5)}) 11... dxc4 12. Bxc4 Bxf3 13. gxf3 Qh4 14. Bb5 Rd8 15. c3 O-O 16. Qe3 c5 17. Ke2 cxd4 18. cxd4 Nb8 19. Rad1 a6 20. Bc4 Rc8 21. Bb3 Rfd8 22. Rd2 Nc6 23. d5 exd5 24. Bxd5 Nxe5 25. Qxe5 Re8 26. Bxf7+ Kxf7 27. Rd7+ Kf8 28. Qxe8+ Rxe8+ 29. Kf1 Qh3+ 0-1

[Event "IV Niterói Chess Open 2024"]
[Site "Rio de Janeiro"]
[Date "2024.08.28"]
[Round "1"]
[Board "63"]
[White "Borsato, Ana Carolina Teodoro"]
[Black "Pfitzner, Paulo Henrique"]
[Result "1-0"]
[WhiteElo "1892"]
[BlackElo "1705"]
[Annotator "Chessbase"]
[PlyCount "73"]
[EventDate "2024.08.28"]
[EventRounds "7"]
[EventCountry "BRA"]

1. e4 b6 2. d4 d5 ({RR} 2... Ba6 3. Bxa6 Nxa6 4. Nf3 e6 5. O-O g6 6. Nc3 h6 7. e5 Rb8 8. d5 Bb4 9. Ne4 f5 10. exf6 Rh7 11. Qe2 b5 12. Rd1 Nc5 13. Nxc5 Bxc5 14. dxe6 Nxf6 15. exd7+ Kf8 16. Ne5 Rxd7 17. Bxh6+ {1-0 Kasparov,G (2849)-Print It Kasparov sim ACE 2000}) 3. e5 ({RR} 3. exd5 Qxd5 4. Nc3 Qd8 5. Bf4 c6 6. Bc4 e6 7. Nf3 Bd6 8. Bxd6 Qxd6 9. O-O Bb7 10. Ne5 Nd7 11. Re1 Nh6 12. Qd2 O-O-O 13. Rad1 Nxe5 14. Rxe5 Ng4 15. Rh5 g5 16. Rh3 h5 17. Be2 Nf6 {1-0 Voltolini,G-Leite,G (1537) Santa Catarina-ch 64th  2020 (4)}) 3... f6 4. Bd3 $146 ({RR} 4. exf6 Nxf6 5. Nf3 Bg4 6. Be2 Bxf3 7. Bxf3 e6 8. O-O c5 9. Re1 Kf7 10. Qe2 Ne4 11. Bxe4 dxe4 12. Qxe4 Qd5 13. Qxd5 exd5 14. Nc3 Nc6 15. dxc5 Bxc5 16. Nxd5 Rad8 17. c4 Nd4 18. Bg5 Rxd5 {1-0 Benitez Galeano,A (1674)-Martinez Diaz,J Asuncion IRT op  2015 (1)}) 4... fxe5 5. Qh5+ Kd7 6. dxe5 e6 7. Nf3 Bb7 8. Nc3 Ne7 9. Nd4 c5 10. Bb5+ Nbc6 11. Nxc6 Nxc6 12. O-O Be7 13. Bf4 g6 14. Qg4 Qg8 15. Nxd5 Kd8 16. Nxe7 Nxe7 17. Rad1+ Kc8 18. Bd7+ Kb8 19. Bxe6 Qf8 20. Bd7 a6 21. e6+ Ka7 22. Bd6 h5 23. Qg5 Rh7 24. b4 cxb4 25. Bxb4 Rd8 26. a4 a5 27. Bd6 Bc8 28. Bc7 Bxd7 29. Bxd8 Bxe6 30. Qe3 Nd5 31. Qxe6 Qxd8 32. Rxd5 Qc7 33. Rfd1 Re7 34. Qxe7 Qxe7 35. Rd7+ Qxd7 36. Rxd7+ Ka8 37. Rd6 1-0

[Event "IV Niterói Chess Open 2024"]
[Site "Rio de Janeiro"]
[Date "2024.08.30"]
[Round "4"]
[Board "40"]
[White "Lins, Joao Pedro"]
[Black "Correa, Leonardo D`avila"]
[Result "1-0"]
[WhiteElo "1848"]
[BlackElo "1677"]
[Annotator "Chessbase"]
[PlyCount "89"]
[EventDate "2024.08.28"]
[EventRounds "7"]
[EventCountry "BRA"]

1. e4 Nf6 2. d3 d5 3. Nd2 dxe4 4. dxe4 g6 ({RR} 4... e5 5. Ngf3 Bd6 6. g3 b6 7. Bg2 Ba6 8. c4 O-O 9. O-O Nbd7 10. a3 Bb7 11. Qc2 a5 12. b3 Nc5 13. Re1 Ne6 14. Bb2 Nd7 15. Nf1 c5 16. Ne3 Nd4 17. Qd3 a4 18. Nf5 Qf6 19. N3xd4 {1-0 Nakamura,H (2781)-Degraeve,J (2570) PRO League Stage rapid 2018 (7)}) ({RR} 4... e5 5. Ngf3 Nc6 6. c3 a5 7. g3 Bc5 8. Bg2 O-O 9. O-O Qe7 10. Qc2 b6 11. Nc4 Ba6 12. b3 Rfd8 13. Bg5 h6 14. Bxf6 Qxf6 15. Rfd1 Bxc4 16. bxc4 g5 17. Rd5 g4 18. Ne1 Ne7 19. Rxd8+ {1-0 Venkatesh,N (2050)-Mathur,R (2111) Titled Tue 4th Jun Late 2024 (4)}) 5. Ngf3 Bg4 $146 ({RR} 5... Bg7 6. c3 O-O 7. Be2 Nbd7 8. O-O Nc5 9. Qc2 c6 10. h3 Qc7 11. Re1 a5 12. b3 Bd7 13. Bf1 Ne6 14. g3 Nh5 15. Bg2 c5 16. Bb2 Bc6 17. Nf1 a4 18. Ne3 a3 19. Bc1 Nf6 20. Nd2 {0-1 Howells,C (1767)-Sudhan,H BCF-chT2 S4 (4NCL) online 2021 (3.42)}) ({RR} 5... Bg7 6. c3 O-O 7. Be2 Nfd7 8. O-O b6 9. a4 a5 10. Qc2 Ba6 11. Bxa6 Nxa6 12. Rd1 Qc8 13. Nb3 Ne5 14. Nxe5 Bxe5 15. Bh6 Bg7 16. Bxg7 Kxg7 17. Rd4 Rd8 18. Rad1 Rxd4 19. Rxd4 Qe8 20. Qd1 {1-0 Kadric,D (2558)-Cremisi,D (2148) Titled Tuesday intern op 24th Aug blitz 2021 (2)}) ({RR} 5... Bg7 6. Bc4 O-O 7. O-O Nc6 8. h3 Nh5 9. c3 Na5 10. Qc2 Nxc4 11. Nxc4 Be6 12. Nce5 c6 13. g4 Nf6 14. Ng5 Qc8 15. f4 h6 16. Ngf3 Nd7 17. Nxd7 Qxd7 18. Rd1 Qc7 19. Nd4 Bc4 20. b3 {0-1 Stverak,M (2119)-Nejezchleba,J (2074) CZE-chT2e 0506 2005 (8.8)}) 6. h3 Bxf3 7. Qxf3 Nc6 8. Bb5 Nd7 9. Qc3 e5 10. Bxc6 bxc6 11. Qxc6 Bg7 12. O-O O-O 13. Nf3 Nb6 14. Bg5 Qd7 15. Qxd7 Nxd7 16. Rad1 Nc5 17. Be7 Nxe4 18. Bxf8 Rxf8 19. Rfe1 f5 20. Rd7 Rc8 21. Red1 Nf6 22. Rd8+ Rxd8 23. Rxd8+ Kf7 24. Nxe5+ Ke6 25. Nc4 Ke7 26. Ra8 Nd5 27. c3 Kd7 28. Rxa7 Bf6 29. Rb7 Kc6 30. Rb8 Ne7 31. Rf8 Bg5 32. Rb8 Kc5 33. Ne3 Nc6 34. b4+ Kd6 35. Rb5 Ne7 36. a4 Bf6 37. c4 h5 38. Nd5 c6 39. Nxf6 cxb5 40. cxb5 Ke6 41. b6 Kxf6 42. b7 Nc6 43. b5 Nb8 44. a5 Ke6 45. a6 1-0

[Event "IV Niterói Chess Open 2024"]
[Site "Rio de Janeiro"]
[Date "2024.08.31"]
[Round "6"]
[White "Lourenco, Valerio Dos Santos"]
[Black "Baeta, Marcio Netto"]
[Result "0-1"]
[WhiteElo "1731"]
[BlackElo "1919"]
[Annotator "Chessbase"]
[PlyCount "52"]
[EventDate "2024.08.28"]
[EventRounds "7"]
[EventCountry "BRA"]

1. e4 Nf6 2. e5 Nd5 3. c4 Nb6 4. d4 d6 5. exd6 exd6 6. Be3 Be7 7. Bd3 Bf6 ({RR} 7... Bg5 8. Nc3 Bxe3 9. fxe3 Qh4+ 10. g3 Qe7 11. Qf3 O-O 12. Nge2 Re8 13. O-O-O N8d7 14. Nf4 Nf6 15. Rde1 Bd7 16. e4 Qf8 17. g4 Bxg4 18. Qg3 Be6 19. c5 Nc8 20. Qh4 h6 21. Rhg1 Kh8 22. Rg6 {1-0 Bartel,M (2621)-Berkes,F (2622) TCh-POL Ekstraliga 2023 (9.2)}) 8. Nd2 Nc6 9. Ngf3 Bg4 10. O-O $146 ({RR} 10. Qb3 O-O 11. O-O a5 12. a3 g6 13. h3 Bxf3 14. Nxf3 a4 15. Qc2 Na5 16. Nd2 Qd7 17. f4 Rfe8 18. Ne4 Bg7 19. f5 Nb3 20. Rad1 Nxd4 21. Bxd4 Bxd4+ 22. Kh1 Ra5 23. Ng5 Bg7 24. fxg6 fxg6 {1-0 Angulo,P (2033)-Guzman Mendez,R Bogota McGregor op 1st 2010 (4)}) ({RR} 10. Qb1 Qd7 11. a3 a5 12. O-O h6 13. h3 Bxf3 14. Nxf3 g5 15. Re1 Ne7 16. Bd2 O-O-O 17. Bxa5 g4 18. hxg4 Kb8 19. Bxb6 cxb6 20. Bf5 Qc6 21. Qd3 Rdg8 22. Rac1 Nxf5 23. Qxf5 Rg6 24. c5 bxc5 {1-0 Frank Nielsen,M (1992)-Skovle,L (1678) Copenhagen Challenge 2010 (4)}) ({RR} 10. Qb3 Qd7 11. O-O O-O {½-½ Hajdu,A-Gombocz,Z (2105) HUN-chT2 9798 1997}) 10... Bxd4 11. Bxd4 Nxd4 12. Re1+ Ne6 13. Qc2 g6 14. c5 dxc5 15. h3 Bxf3 16. Nxf3 O-O 17. Rad1 Qf6 18. Ne5 Rad8 19. Ng4 Qg5 20. Qc3 Nd5 21. Qa5 Ndf4 22. Re3 h5 23. Re5 Qh4 24. g3 Nxh3+ 25. Kg2 Qxg4 26. Re4 Nhf4+ 0-1

[Event "IV Niterói Chess Open 2024"]
[Site "Rio de Janeiro"]
[Date "2024.08.29"]
[Round "2"]
[Board "16"]
[White "Terao, Juliana Sayumi"]
[Black "Baeta, Marcio Netto"]
[Result "1-0"]
[WhiteElo "2161"]
[BlackElo "1919"]
[Annotator "Chessbase"]
[PlyCount "85"]
[EventDate "2024.08.28"]
[EventRounds "7"]
[EventCountry "BRA"]

1. e4 Nf6 2. e5 Nd5 3. c4 Nb6 4. d4 d6 5. exd6 exd6 6. Nc3 Be7 7. Bd3 Nc6 8. Be3 Bf6 9. Nge2 d5 10. c5 Nc4 11. Bxc4 dxc4 12. Qa4 O-O 13. Qxc4 Be6 $146 ({RR} 13... Bf5 14. Qd5 Qc8 15. Qc4 Rd8 16. Rd1 Qd7 17. O-O Bg6 18. a3 a6 19. b4 Qg4 20. Rd2 Ne5 21. Qa2 Nf3+ 22. Kh1 Nxd2 23. Qxd2 c6 24. f3 Qd7 25. Na4 Qe7 26. Nb6 Re8 27. Bf2 Rad8 28. Re1 {0-1 Hindicky,F-Kollar,V SVK-chT2 9798 1997}) 14. d5 Ne5 15. Qe4 Bg4 16. h3 Bh5 17. Nf4 Bg6 18. Nxg6 Nxg6 19. O-O Re8 20. Qc4 Ne5 21. Qb3 b6 22. cxb6 axb6 23. Rfd1 Be7 24. Nb5 Bd6 25. Rac1 Nd7 26. Nxd6 cxd6 27. Rc6 Nc5 28. Qxb6 Rb8 29. Qxd8 Rexd8 30. b3 Ra8 31. Bxc5 dxc5 32. Rd2 Ra5 33. Kf1 Kf8 34. Ke2 Ke8 35. d6 Rda8 36. Ke3 R8a7 37. Rc7 Kd8 38. Rxa7 Rxa7 39. Ke4 Kd7 40. Kd5 Ra5 41. Kc4 g6 42. a4 h5 43. Rd5 1-0

[Event "IV Niterói Chess Open 2024"]
[Site "Rio de Janeiro"]
[Date "2024.08.29"]
[Round "2"]
[Board "24"]
[White "Moura, Eduardo Eugenio Chaves"]
[Black "De Moura, Pablo Rafael"]
[Result "1-0"]
[WhiteElo "2056"]
[BlackElo "1797"]
[Annotator "Chessbase"]
[PlyCount "59"]
[EventDate "2024.08.28"]
[EventRounds "7"]
[EventCountry "BRA"]

1. e4 Nf6 2. e5 Nd5 3. d4 d6 4. c4 Nb6 5. exd6 cxd6 6. h3 g6 7. Nf3 Bg7 8. Be2 O-O 9. O-O Nc6 10. Nc3 Bf5 11. d5 Na5 12. Nd4 Qc8 $146 ({RR} 12... Naxc4 13. Nxf5 gxf5 14. Bd3 e6 {½-½ Sznapik,A (2420)-Chekhov,V (2480) POL-chT 49th 1993 (6)}) ({RR} 12... Naxc4 13. Nxf5 gxf5 14. Bd3 e6 15. Re1 Ne5 16. Bb1 Rc8 17. a4 Re8 18. a5 Nbc4 19. Ra4 b6 20. a6 Rc5 21. Rb4 Qc8 22. Bc2 Qxa6 23. Ba4 Rd8 24. Bb5 Qa5 25. Ra4 Rxb5 26. Rxa5 Rxa5 27. b3 {1-0 Aronian,L (2729)-Grunberg,M (2399) Titled Tue 6th Aug Early 2024 (1)}) ({RR} 12... Naxc4 13. a4 Na5 14. Nxf5 gxf5 15. Bd3 e6 16. Qe2 Qf6 17. Ra3 Rfe8 18. b4 exd5 19. Qh5 Nac4 20. Nxd5 Qg6 21. Qxg6 hxg6 22. Nxb6 Nxb6 23. a5 Nd5 24. a6 Nxb4 25. axb7 Rab8 26. Be3 Rxb7 27. Rb1 {0-1 Garrido Fernandez,D (2263)-Gusain,H (2511) 10th Oviedo Open 2024 (5.1)}) ({RR} 12... Naxc4 13. a4 a5 14. Nxf5 gxf5 15. Bd3 e6 16. Re1 Re8 17. Qh5 Qf6 18. dxe6 fxe6 19. Nd5 Nxd5 20. Bxc4 Qf7 21. Qf3 Rac8 22. Bb5 Re7 23. Bg5 Nf6 24. Rad1 d5 25. Rc1 Rxc1 26. Rxc1 h6 27. Be3 {0-1 Sadykhov,A (1509)-Chetverik,M (1991) Korchnoi Mem Open 2023 (4.65)}) ({RR} 12... Naxc4 13. Nxf5 gxf5 14. Re1 Qd7 15. a4 a5 16. Bd3 Ne5 17. Bb5 Qc7 18. Qh5 e6 19. Bh6 Bxh6 20. Qxh6 Qe7 21. Rad1 Kh8 22. Qe3 Nc8 23. Qd4 f4 24. Ne4 f6 25. dxe6 Rg8 26. Nd2 f3 27. g3 {0-1 Adhami,V (2335)-Urday Caceres,H (2430) Olympiad-28 Thessaloniki 1988 (5)}) 13. b3 e5 14. Nxf5 gxf5 15. Nb5 Qd8 16. Bd2 a6 17. Na3 Nd7 18. b4 e4 19. Rb1 Qh4 20. Qc1 h6 21. bxa5 Nc5 22. Bc3 Be5 23. Bxe5 dxe5 24. Qe3 f4 25. Qxc5 Kh7 26. Rxb7 f3 27. Qe3 Rg8 28. Bxf3 exf3 29. Rxf7+ Kh8 30. Qxe5+ 1-0

[Event "IV Niterói Chess Open 2024"]
[Site "Rio de Janeiro"]
[Date "2024.08.28"]
[Round "1"]
[Board "21"]
[White "Rodrigues Mota, Romulo Cardoso S"]
[Black "De Almeida, Roberto A. Ferreira"]
[Result "1-0"]
[WhiteElo "2110"]
[BlackElo "1775"]
[Annotator "Chessbase"]
[PlyCount "91"]
[EventDate "2024.08.28"]
[EventRounds "7"]
[EventCountry "BRA"]

1. e4 g6 2. d4 Bg7 3. Nc3 e6 4. Be3 d5 5. e5 ({RR} 5. Qd2 a6 6. O-O-O Nc6 7. e5 Bd7 8. f4 h5 9. g3 Nh6 10. Nf3 Bf8 11. h3 Nf5 12. Bf2 Be7 13. Be2 b6 14. g4 Ng7 15. Rdg1 Na5 16. f5 gxf5 17. gxh5 Nxh5 18. Rh2 Bc6 19. Rhg2 Kd7 {1-0 Tompa,J (2410)-Ujtelky,M (2290) Budapest FTC 1977 (5)}) 5... c5 ({RR} 5... Ne7 6. f4 Nf5 7. Bf2 h5 8. Nf3 Nc6 9. Qd2 a6 10. a3 b6 11. Bd3 Nce7 12. Ne2 Bb7 13. g3 Rc8 14. c3 f6 15. Rg1 Nh6 16. Nh4 Nhf5 17. g4 hxg4 18. Rxg4 Nxh4 19. Bxh4 f5 20. Rxg6 {1-0 Grahn,V (1980)-Van Dael,S (2345) 50th Rilton Cup 2022-23 (1.64)}) 6. dxc5 $146 ({RR} 6. Nf3 cxd4 7. Bxd4 Nc6 8. Bb5 Nge7 9. Ne2 O-O 10. c3 a6 11. Bd3 Qc7 12. Rc1 Nxe5 13. Nxe5 Bxe5 14. h4 Nf5 15. Bxe5 Qxe5 16. g4 Ne7 17. Qd2 Bd7 18. h5 Bc6 19. Qh6 Qg7 20. hxg6 Qxh6 {0-1 Skoumal,F (1715)-Cerny,M (1745) CZE-ch blind 2005 (2)}) 6... Bxe5 7. Bd4 Bxd4 8. Qxd4 Qf6 9. Qa4+ Bd7 10. Qb4 Bc6 11. Nb5 Qe7 12. Nd6+ Kf8 13. Nf3 a5 14. Qf4 Nd7 15. O-O-O Nxc5 16. Ne5 Qf6 17. Qd4 Nd7 18. Nexf7 Qxd4 19. Rxd4 Ke7 20. Nxh8 Kxd6 21. Nf7+ Ke7 22. Ng5 Ngf6 23. Bd3 h6 24. Nh3 g5 25. Re1 Kd6 26. f4 gxf4 27. Rxf4 Rg8 28. Rh4 Rxg2 29. Nf4 Rg4 30. Rxe6+ Kc5 31. Rxg4 Nxg4 32. h3 Ngf6 33. Be2 d4 34. Nh5 Bd5 35. Rxf6 Nxf6 36. Nxf6 Be6 37. Bg4 Bf7 38. Bf3 b5 39. Ng4 Be6 40. h4 Bxa2 41. Nxh6 Be6 42. Bg4 Kd6 43. Bxe6 Kxe6 44. Kd2 b4 45. b3 Kf6 46. Kd3 1-0

[Event "IV Niterói Chess Open 2024"]
[Site "Rio de Janeiro"]
[Date "2024.08.29"]
[Round "3"]
[Board "57"]
[White "De Almeida, Roberto A. Ferreira"]
[Black "Kallas, Jose Lourenco"]
[Result "1-0"]
[WhiteElo "1775"]
[BlackElo "1593"]
[Annotator "Chessbase"]
[PlyCount "35"]
[EventDate "2024.08.28"]
[EventRounds "7"]
[EventCountry "BRA"]

1. d4 g6 2. e4 e6 3. Nf3 Bg7 4. c4 b6 ({RR} 4... Ne7 5. Nc3 O-O 6. d5 d6 7. dxe6 Bxe6 8. Be2 Nbc6 9. O-O f5 10. Ng5 Bd7 11. c5 dxc5 12. Qb3+ Kh8 13. Nf7+ Rxf7 14. Qxf7 Ne5 15. Qb3 N7c6 16. Be3 Nd4 17. Qd1 fxe4 18. Nxe4 b6 19. f3 {0-1 Kolev,A (2445)-Topalov,V (2460) St Cugat op 1992 (4)}) 5. Bg5 ({RR} 5. Nc3 Nc6 6. Be2 Nf6 7. Bg5 Ne7 8. Qd2 h6 9. Bf4 Bb7 10. d5 c6 11. d6 Neg8 12. Be5 Ba6 13. h4 b5 14. cxb5 cxb5 15. Bxb5 Bxb5 16. Nxb5 Rb8 17. Nc7+ Kf8 18. Qd4 Ne7 19. Bxf6 Rh7 {1-0 Abdulkadir,M-Mugoba,S Kampala Rwabushenyi Memorial 2021 (3)}) 5... f6 $146 ({RR} 5... Ne7 6. Qd2 h6 7. Be3 Bb7 8. Nc3 d5 9. cxd5 exd5 10. e5 Nf5 11. Bf4 g5 12. Bd3 Nxd4 13. Nxd4 gxf4 14. Qxf4 Qg5 15. Qxg5 hxg5 16. O-O Bxe5 17. Rae1 f6 18. Nf3 Nd7 19. Bf5 O-O-O 20. Nxe5 {1-0 Cordeiro,M-Da Cunha,E Florianopolis CC-ch 2004 (3)}) ({RR} 5... Ne7 6. Nc3 Bb7 7. Be2 Nbc6 8. O-O O-O 9. Qd2 Re8 10. Rfe1 d6 11. Rad1 e5 12. d5 Nd4 13. Bh6 Bh8 14. Ng5 Ba6 15. b3 Qd7 16. h3 Reb8 17. f4 b5 18. cxb5 Bxb5 19. Bxb5 Nxb5 20. Nxb5 {1-0 Cruz Lima,J (2235)-Arbaiza,M Cajas op 1989 (1)}) 6. Bh4 Bb7 7. Nc3 d6 8. Bd3 Nd7 9. O-O g5 10. Bg3 h5 11. h4 g4 12. Nd2 Qe7 13. Re1 Qf7 14. Nb5 Kd8 15. Bxd6 Kc8 16. Bxc7 a6 17. Nd6+ Kxc7 18. Nxf7 1-0

[Event "IV Niterói Chess Open 2024"]
[Site "Rio de Janeiro"]
[Date "2024.09.01"]
[Round "7"]
[Board "20"]
[White "Oliveira, Israel Flavio Feliciano"]
[Black "Jeremias, Bianca Albano"]
[Result "1/2-1/2"]
[WhiteElo "1839"]
[BlackElo "1938"]
[Annotator "Chessbase"]
[PlyCount "21"]
[EventDate "2024.08.28"]
[EventRounds "7"]
[EventCountry "BRA"]

1. d4 g6 2. e4 d6 3. f4 Nf6 ({RR} 3... c5 4. dxc5 Qa5+ 5. Nc3 dxc5 6. Bd2 Bg7 7. Nf3 Nc6 8. h3 Nf6 9. e5 Nd7 10. Bc4 O-O 11. O-O Qd8 12. Be3 Na5 13. Bd3 b6 14. Qe1 e6 15. Rd1 Qe7 16. h4 Bb7 17. Qg3 f5 18. exf6 {0-1 Lanka,Z (2545)-Lobron,E (2585) EU-Cup 12th final 1996 (4)}) 4. e5 Nfd7 ({RR} 4... dxe5 5. fxe5 Nd5 6. Bc4 Bg7 7. Nf3 O-O 8. O-O Bg4 9. c3 e6 10. b4 a5 11. b5 c5 12. bxc6 Nxc6 13. h3 Bxf3 14. Qxf3 Rc8 15. Ba3 Nxe5 16. dxe5 Rxc4 17. Bxf8 Qxf8 18. Re1 Rf4 19. Qd3 {½-½ Zakhartsov,V (2537)-Sokolovsky,Y (2431) Titled Tue 10th Jan Late 2023 (10)}) 5. Nf3 Bg7 6. Be3 $146 ({RR} 6. Ng5 c5 7. e6 fxe6 8. Nxe6 Qa5+ 9. Bd2 Qb6 10. Nxg7+ Kf7 11. dxc5 Qxb2 12. Bc3 Qa3 13. Nxa3 {1-0 Lulic,S (1773)-Treadway,B (1530) Internet Section 06B g/8'+2" blitz 2004 (4)}) ({RR} 6. Bc4 e6 7. O-O O-O 8. c3 c5 9. Be3 Nb6 10. Nbd2 cxd4 11. cxd4 Bd7 12. Bb3 Bb5 13. Rf2 Nc6 14. Ne4 dxe5 15. fxe5 Nd5 16. Bg5 Nde7 17. Bf6 Qb6 18. Nd6 Nf5 19. Nxf5 exf5 20. d5 Na5 {0-1 Bognar,B (1996)-Molnar,J (2126) Budapest-chT1 Lilienthal 1718 2017 (12)}) 6... O-O 7. Be2 c5 8. c3 cxd4 9. cxd4 dxe5 10. dxe5 Nc6 11. Nc3 1/2-1/2

[Event "IV Niterói Chess Open 2024"]
[Site "Rio de Janeiro"]
[Date "2024.09.01"]
[Round "7"]
[Board "34"]
[White "Jurado, Laura Alves"]
[Black "Brito, Vicente De Paulo Alencar"]
[Result "1-0"]
[WhiteElo "1612"]
[BlackElo "1865"]
[Annotator "Chessbase"]
[PlyCount "53"]
[EventDate "2024.08.28"]
[EventRounds "7"]
[EventCountry "BRA"]

1. d4 Nf6 2. Bf4 d6 3. Nc3 g6 4. e4 Bg7 5. Qd2 O-O 6. f3 Nc6 7. O-O-O d5 $146 ({RR} 7... Re8 8. Bh6 e5 9. Bxg7 Kxg7 10. dxe5 dxe5 11. Qxd8 Nxd8 12. Bc4 c6 13. Nge2 a5 14. a4 Be6 15. Bxe6 Nxe6 16. b3 Kf8 17. Rd2 Red8 18. Rhd1 Rxd2 19. Rxd2 Ke7 20. Kb2 h5 21. Nd1 Ne8 22. Ne3 {0-1 Vinuela Diaz,S (2280)-Gascon del Nogal,J (2466) Villa de Gijon op 5th 2019 (9)}) ({RR} 7... Bd7 8. Bh6 e5 9. Bxg7 Kxg7 10. Nge2 exd4 11. Nxd4 Qe7 12. g4 Be6 13. h4 Nxd4 14. Qxd4 Kg8 15. Be2 Rad8 16. Qd2 c6 17. g5 Ne8 18. h5 b5 19. f4 b4 20. Na4 d5 21. Qd4 Nc7 22. Nc5 {½-½ Goryachkina,A (2582)-Ponkratov,P (2628) RUS-ch Higher League 73rd 2020 (2)}) ({RR} 7... a5 8. Bh6 e5 9. Bxg7 Kxg7 10. Nge2 a4 11. g4 h6 12. h4 Na5 13. Ng3 Nd7 14. f4 exd4 15. Qxd4+ Qf6 16. g5 Qxd4 17. gxh6+ Kxh6 18. Rxd4 Nc6 19. Rd2 a3 20. b3 Nf6 21. h5 Bg4 22. hxg6+ {1-0 Gruca,M (2198)-Dmitriev,S (2312) Titled Tue 9th Apr Late 2024 (9)}) ({RR} 7... a6 8. h4 Nh5 9. Be3 e5 10. dxe5 Nxe5 11. g4 Ng3 12. Rh2 Nxf1 13. Rxf1 Nc4 14. Qd3 Nxe3 15. Qxe3 f5 16. h5 fxg4 17. hxg6 hxg6 18. Nd5 c6 19. Nb4 Qf6 20. Nd3 c5 21. c3 b5 22. f4 {0-1 Gatineau,Y (2423)-Gusarov,G (2354) Titled Tuesday intern op 22nd Dec blitz 2020 (7)}) ({RR} 7... Bd7 8. Bh6 e5 9. d5 Nd4 10. g4 Bxg4 11. fxg4 Nxg4 12. Bxg7 Kxg7 13. Bh3 Nf6 14. Nge2 Nxe2+ 15. Qxe2 Nh5 16. Qe3 Nf4 17. Ne2 Nxe2+ 18. Qxe2 Qh4 19. Qg2 h5 20. Rhg1 a6 21. Rdf1 Rg8 22. Be6 {1-0 Morales Risco,H (1313)-Ubilluz Pena,J (1324) ECU-ch Schools U13 Clas1 2020 (4)}) 8. e5 Ne8 9. Bh6 f6 10. h4 Be6 11. h5 g5 12. Bxg7 Nxg7 13. g4 h6 14. Qd3 fxe5 15. dxe5 d4 16. Qg6 Qe8 17. Qxh6 dxc3 18. Bd3 cxb2+ 19. Kxb2 Rf4 20. Qh7+ Kf8 21. Bg6 Bg8 22. Qh8 Qc8 23. h6 Ne8 24. Bxe8 Kxe8 25. Qxg8+ Rf8 26. Qg7 Rf7 27. h7 1-0